| LEADER | 00000nam a2200000 i 4500 | ||
|---|---|---|---|
| 001 | 115613 | ||
| 003 | CZ ZlUTB | ||
| 005 | 20260506095116.0 | ||
| 007 | ta | ||
| 008 | 260129s2025 xr ab f 000 0 eng | ||
| 015 | |a cnb003738362 | ||
| 020 | |a 978-80-7502-853-2 |q (brožováno) | ||
| 040 | |a ABA001 |b cze |d BOA001 |e rda | ||
| 043 | |a e-xr--- | ||
| 072 | 7 | |a 35 |x Veřejná správa |2 Konspekt |9 15 | |
| 080 | |a 35 |2 MRF | ||
| 080 | |a 35.076 |2 MRF | ||
| 080 | |a 004-027.22 |2 MRF | ||
| 080 | |a 35.08 |2 MRF | ||
| 080 | |a (437.3) |2 MRF | ||
| 080 | |a (048.8:082) |2 MRF | ||
| 100 | 1 | |a Frumarová, Kateřina, |d 1976- |7 xx0030710 |4 aut | |
| 245 | 1 | 0 | |a Public administration: purposes, procedures and people / |c Kateřina Frumarová, Petra Melotíková et al. |
| 250 | |a First edition | ||
| 264 | 1 | |a Prague : |b Leges, |c 2025 | |
| 300 | |a 458 stran : |b ilustrace, mapy ; |c 21 cm | ||
| 336 | |a text |b txt |2 rdacontent | ||
| 337 | |a bez média |b n |2 rdamedia | ||
| 338 | |a svazek |b nc |2 rdacarrier | ||
| 490 | 1 | |a Teoretik | |
| 504 | |a Obsahuje bibliografii a bibliografické odkazy | ||
| 650 | 0 | 7 | |a veřejná správa |7 ph127076 |2 czenas |
| 650 | 0 | 7 | |a veřejná správa |7 ph127076 |z Česko |2 czenas |
| 650 | 0 | 7 | |a působnost veřejné správy |7 ph162057 |2 czenas |
| 650 | 0 | 7 | |a digitální technologie |7 ph606726 |2 czenas |
| 650 | 0 | 7 | |a správní úředníci |7 ph125983 |2 czenas |
| 650 | 0 | 9 | |a public administration |2 eczenas |
| 650 | 0 | 9 | |a public administration |z Czechia |2 eczenas |
| 650 | 0 | 9 | |a public administration competence |2 eczenas |
| 650 | 0 | 9 | |a digital technologies |2 eczenas |
| 650 | 0 | 9 | |a administrative officials |2 eczenas |
| 655 | 7 | |a kolektivní monografie |7 fd501537 |2 czenas | |
| 655 | 9 | |a collective monographs |2 eczenas | |
| 700 | 1 | |a Melotíková, Petra, |d 1981- |7 xx0112596 |4 aut | |
| 710 | 2 | |a Nakladatelství Leges |7 xx0226857 |4 pbl | |
| 830 | 0 | |a Teoretik | |
| 910 | |a ZLD002 | ||
| 942 | |2 udc | ||
| 952 | |0 0 |1 0 |4 0 |6 35FRUMAROVÁK |7 -1 |8 BOOK |9 191042 |a UTBZL |b UTBZL |c 005 |d 2026-05-06 |l 0 |o 35/FRUMAROVÁ,K. |p 420010202081 |r 2026-05-06 09:51:52 |v 790.00 |w 2026-05-06 |x N:nákup |y 01 | ||
| 992 | |a BK |b SKNEW | ||
| 999 | |c 115613 |d 115613 | ||